Worked examples in electrical engineering (Record no. 3669)

000 -LEADER
fixed length control field 00411nam a22001457a 4500
008 - FIXED-LENGTH DATA ELEMENTS--GENERAL INFORMATION
fixed length control field 200625b ||||| |||| 00| 0 eng d
082 00 - DEWEY DECIMAL CLASSIFICATION NUMBER
Classification number 621.3
Item number P913
100 ## - MAIN ENTRY--PERSONAL NAME
9 (RLIN) 1410
Personal name Pratt, W. T.
245 10 - TITLE STATEMENT
Title Worked examples in electrical engineering
260 ## - PUBLICATION, DISTRIBUTION, ETC. (IMPRINT)
Place of publication, distribution, etc London
Name of publisher, distributor, etc Hutchinson Technical Education
Date of publication, distribution, etc 1959
300 ## - PHYSICAL DESCRIPTION
Extent ix,11-263p.
365 ## - TRADE PRICE
Unit of pricing 16.75
650 #0 - SUBJECT ADDED ENTRY--TOPICAL TERM
Topical term or geographic name as entry element Electrical Engineering
942 ## - ADDED ENTRY ELEMENTS (KOHA)
Item type Books
Holdings
Withdrawn status Lost status Source of classification or shelving scheme Damaged status Not for loan Permanent location Current location Date acquired Source of acquisition Full call number Barcode Date last seen Koha item type
          IMU Kolkata IMU Kolkata 1960-12-15 W. Newman 621.3 P913 02535 2020-06-25 Books
          IMU Kolkata IMU Kolkata 1960-12-15 W. Newman 621.3 P913 02536 2020-06-25 Books
Designed and Maintained by IMU-KC Library, Kolkata Campus © Copyright All Rights Reserved

webs counters

Powered by Koha